[Event "Central Asia Cup 2nd"]
[Site "Bishkek"]
[Date "2012.06.15"]
[Round "4"]
[White "Shukuraliev, Algis"]
[Black "Samakov, Nurdin"]
[Result "1/2-1/2"]
[WhiteElo "2388"]
[BlackElo "2364"]
[PlyCount "35"]
[EventDate "2012.06.12"]
[EventType "swiss"]
[EventRounds "9"]
[EventCountry "KGZ"]
[SourceTitle "EXT 2013"]
[Source "ChessBase"]
[SourceDate "2012.11.22"]
[SourceVersion "1"]
[SourceVersionDate "2012.11.22"]
[SourceQuality "1"]

1. Nf3 Nf6 2. c4 g6 3. Nc3 Bg7 4. e4 d6 5. d4 0-0 6. Be2 e5 7. dxe5 dxe5 8. Qxd8 Rxd8 9. Bg5 Re8 10. 0-0 c6 11. b4 Nbd7 12. h3 Nf8 13. Rfd1 N6d7 14. Be3 h6 15. Bf1 f5 16. Bc1 Nf6 17. Bd3 f4 18. c5 1/2-1/2

[Event "Central Asia Cup 2nd"]
[Site "Bishkek"]
[Date "2012.06.13"]
[Round "2"]
[White "Barsov, Alexei"]
[Black "Samakov, Nurdin"]
[Result "1-0"]
[WhiteElo "2538"]
[BlackElo "2364"]
[PlyCount "95"]
[EventDate "2012.06.12"]
[EventType "swiss"]
[EventRounds "9"]
[EventCountry "KGZ"]
[SourceTitle "EXT 2013"]
[Source "ChessBase"]
[SourceDate "2012.11.22"]
[SourceVersion "1"]
[SourceVersionDate "2012.11.22"]
[SourceQuality "1"]

1. d4 Nf6 2. Nf3 g6 3. c4 Bg7 4. g3 0-0 5. Bg2 d6 6. 0-0 Nc6 7. Nc3 Bf5 8. Ne1 Ne8 9. e4 Bd7 10. Be3 e5 11. d5 Ne7 12. Nd3 f5 13. Qd2 Nf6 14. Bg5 Nxe4 15. Nxe4 fxe4 16. Bxe4 Bf5 17. Rae1 Qd7 18. f4 h6 19. Bxe7 Qxe7 20. fxe5 dxe5 21. Qe3 b6 22. Bxf5 gxf5 23. Nf4 Rf7 24. Ne6 Re8 25. Qa3 c5 26. Qf3 Qf6 27. Qh5 Rxe6 28. dxe6 Qxe6 29. Rd1 e4 30. Rd8+ Kh7 31. Rd6 Qxd6 32. Qxf7 Qd4+ 33. Kh1 e3 34. Qxf5+ Kh8 35. Qc8+ Kh7 36. Qf5+ Kh8 37. Qc2 Qd6 38. b3 Qe6 39. Qd3 Qe7 40. Qe2 Qe4+ 41. Qf3 Qe8 42. h4 Qe7 43. Qa8+ Kh7 44. Rf4 Bd4 45. Qe4+ Qxe4+ 46. Rxe4 Kg6 47. Kg2 h5 48. Re7 1-0

[Event "Asia-chT 16th"]
[Site "Guangzhou"]
[Date "2010.11.22"]
[Round "5"]
[White "Nguyen, Ngoc Truong Son"]
[Black "Samakov, Nurdin"]
[Result "0-1"]
[WhiteElo "2628"]
[BlackElo "2380"]
[PlyCount "136"]
[EventDate "2010.11.18"]
[EventType "team-swiss"]
[EventRounds "9"]
[EventCountry "CHN"]
[SourceTitle "CBM 139 Extra"]
[Source "ChessBase"]
[SourceDate "2011.01.05"]
[SourceVersion "1"]
[SourceVersionDate "2011.01.05"]
[SourceQuality "1"]
[WhiteTeam "Vietnam"]
[BlackTeam "Kyrgyzstan"]
[WhiteTeamCountry "VIE"]
[BlackTeamCountry "KGZ"]

1. d4 Nf6 2. c4 g6 3. Nf3 Bg7 4. g3 0-0 5. Bg2 d6 6. 0-0 Nc6 7. Nc3 a6 8. b3 Rb8 9. Nd5 Nh5 10. Bb2 e6 11. Ne3 f5 12. Qd2 Ne7 13. Rac1 Bh6 14. d5 e5 15. c5 e4 16. cxd6 cxd6 17. Ne1 Nf6 18. f4 exf3 19. Bxf3 Rf7 20. N1g2 g5 21. Nc4 b5 22. Na5 Qf8 23. e3 g4 24. Bxf6 Rxf6 25. Be2 Ng6 26. b4 Bd7 27. Rc7 Rf7 28. Nc6 Re8 29. Ra7 Ra8 30. Rxa8 Qxa8 31. Rc1 Ne7 32. Nf4 Qe8 33. Kf2 Ng6 34. Qd4 Bg7 35. Qb6 Nxf4 36. exf4 Qe4 37. Qe3 Qxe3+ 38. Kxe3 Rf8 39. Kd3 Re8 40. Rh1 Bf6 41. h3 gxh3 42. Rxh3 Kg7 43. Rh1 h6 44. Bf3 Kh7 45. Nd4 Rc8 46. Nc6 Rg8 47. Rh3 Re8 48. Kd2 Bb2 49. Rh1 Rg8 50. Rg1 Bf6 51. Bh5 Bh4 52. Bf7 Rxg3 53. Rh1 Bf6 54. Be6 Rg7 55. Ke2 Bc3 56. Rh3 Bf6 57. Kd3 Bxe6 58. dxe6 Rc7 59. Nd4 Rc4 60. Ne2 Re4 61. Ng3 Rxf4 62. Nh5 Rd4+ 63. Ke3 Re4+ 64. Kf3 Bg5 65. Ng3 Re3+ 66. Kg2 Kg6 67. Nxf5 Rxh3 68. e7 Bxe7 0-1

[Event "Asia-chT 16th"]
[Site "Guangzhou"]
[Date "2010.11.21"]
[Round "4"]
[White "Samakov, Nurdin"]
[Black "Ahmed, Fuad"]
[Result "1-0"]
[WhiteElo "2380"]
[BlackElo "1830"]
[PlyCount "43"]
[EventDate "2010.11.18"]
[EventType "team-swiss"]
[EventRounds "9"]
[EventCountry "CHN"]
[SourceTitle "CBM 139 Extra"]
[Source "ChessBase"]
[SourceDate "2011.01.05"]
[SourceVersion "1"]
[SourceVersionDate "2011.01.05"]
[SourceQuality "1"]
[WhiteTeam "Kyrgyzstan"]
[BlackTeam "Maldives"]
[WhiteTeamCountry "KGZ"]
[BlackTeamCountry "MDV"]

1. e4 e6 2. Qe2 c5 3. d3 Nc6 4. Nf3 Nge7 5. g3 Ng6 6. Bg2 Bd6 7. 0-0 b6 8. h4 Bb7 9. Nbd2 Rc8 10. h5 Nge5 11. Nxe5 Nxe5 12. f4 Nc6 13. Qg4 0-0 14. Nc4 f5 15. exf5 exf5 16. Qh3 Qf6 17. Bd2 Bc7 18. Bc3 Qh6 19. Ne3 Nd8 20. Nxf5 Rxf5 21. Qxf5 Bxg2 22. Kxg2 1-0

[Event "Asia-chT 16th"]
[Site "Guangzhou"]
[Date "2010.11.19"]
[Round "2"]
[White "Samakov, Nurdin"]
[Black "Gundavaa, Bayarsaihan"]
[Result "0-1"]
[WhiteElo "2380"]
[BlackElo "2472"]
[PlyCount "74"]
[EventDate "2010.11.18"]
[EventType "team-swiss"]
[EventRounds "9"]
[EventCountry "CHN"]
[SourceTitle "CBM 139 Extra"]
[Source "ChessBase"]
[SourceDate "2011.01.05"]
[SourceVersion "1"]
[SourceVersionDate "2011.01.05"]
[SourceQuality "1"]
[WhiteTeam "Kyrgyzstan"]
[BlackTeam "Mongolia"]
[WhiteTeamCountry "KGZ"]
[BlackTeamCountry "MGL"]

1. e4 c5 2. Nf3 d6 3. d4 cxd4 4. Nxd4 Nf6 5. Nc3 a6 6. Be2 e5 7. Nf3 Qc7 8. Bg5 Nbd7 9. a4 h6 10. Bh4 g5 11. Bg3 Nc5 12. Nd2 Be6 13. h4 Rg8 14. hxg5 hxg5 15. f3 Be7 16. Nf1 g4 17. Bf2 Qb6 18. b3 Rc8 19. Qd2 Qc7 20. Nd5 Bxd5 21. exd5 gxf3 22. gxf3 e4 23. f4 e3 24. Qxe3 Nxd5 25. Qf3 Ne4 26. Bd4 Qa5+ 27. Kd1 Qb4 28. Bc4 Ndc3+ 29. Kc1 d5 30. Bxc3 Nxc3 31. Bd3 Ne4 32. Bxe4 dxe4 33. Qe3 Bf6 34. Ra2 Rc3 35. Qe2 Qxb3 36. Qxe4+ Kf8 37. Rb2 Qxb2+ 0-1

[Event "Asia-chT 16th"]
[Site "Guangzhou"]
[Date "2010.11.18"]
[Round "1"]
[White "Sasikiran, Krishnan"]
[Black "Samakov, Nurdin"]
[Result "1/2-1/2"]
[WhiteElo "2688"]
[BlackElo "2380"]
[PlyCount "141"]
[EventDate "2010.11.18"]
[EventType "team-swiss"]
[EventRounds "9"]
[EventCountry "CHN"]
[SourceTitle "CBM 139 Extra"]
[Source "ChessBase"]
[SourceDate "2011.01.05"]
[SourceVersion "1"]
[SourceVersionDate "2011.01.05"]
[SourceQuality "1"]
[WhiteTeam "India"]
[BlackTeam "Kyrgyzstan"]
[WhiteTeamCountry "IND"]
[BlackTeamCountry "KGZ"]

1. d4 Nf6 2. c4 g6 3. g3 Bg7 4. Bg2 0-0 5. Nc3 d6 6. Nf3 Nc6 7. 0-0 a6 8. Qd3 e5 9. dxe5 Nxe5 10. Nxe5 dxe5 11. Qxd8 Rxd8 12. Bg5 Re8 13. Nd5 Nxd5 14. cxd5 Bg4 15. Rfc1 Rac8 16. Rc2 f6 17. Be3 Bf8 18. Rac1 Bd6 19. Bc5 Kf7 20. f3 Bd7 21. b4 Ke7 22. e4 b6 23. Be3 Kd8 24. Rb1 Ra8 25. h4 Rf8 26. Kh2 f5 27. Bh3 fxe4 28. fxe4 Bxh3 29. Kxh3 Kd7 30. Kg2 a5 31. b5 a4 32. Bd2 a3 33. Bb4 Ra4 34. Bxd6 Kxd6 35. Rc6+ Kd7 36. Rbc1 Ra7 37. R1c3 Rf7 38. R3c4 Kd8 39. Re6 Ra5 40. Rb4 Re7 41. Rf6 Ke8 42. Rc6 Rf7 43. d6 cxd6 44. Rxb6 Rc7 45. Rxd6 Rc2+ 46. Kh3 Rxa2 47. Rd3 Rc2 48. b6 Rc8 49. Rd5 Rxd5 50. exd5 Kd7 51. Ra4 Rb8 52. Rxa3 Rxb6 53. Ra7+ Kd6 54. Rxh7 Kxd5 55. Kg4 e4 56. Rd7+ Ke5 57. Re7+ Kd4 58. Kf4 Rf6+ 59. Kg5 Rd6 60. Kf4 Rf6+ 61. Kg5 Rd6 62. g4 e3 63. h5 gxh5 64. gxh5 Kd3 65. h6 e2 66. h7 Rd8 67. Kg6 Kd2 68. Kg7 e1Q 69. Rxe1 Kxe1 70. h8Q Rxh8 71. Kxh8 1/2-1/2

[Event "Olympiad-39"]
[Site "Khanty-Mansiysk"]
[Date "2010.10.03"]
[Round "11.4"]
[White "Izquierdo, Daniel"]
[Black "Samakov, Nurdin"]
[Result "1/2-1/2"]
[WhiteElo "2275"]
[BlackElo "2356"]
[PlyCount "126"]
[EventDate "2010.09.21"]
[EventType "team-swiss"]
[EventRounds "11"]
[EventCountry "RUS"]
[SourceTitle "CBM 139"]
[Source "ChessBase"]
[SourceDate "2010.11.18"]
[SourceVersion "1"]
[SourceVersionDate "2010.11.18"]
[SourceQuality "1"]
[WhiteTeam "Uruguay"]
[BlackTeam "Kyrgyzstan"]
[WhiteTeamCountry "URU"]
[BlackTeamCountry "KGZ"]

1. d4 Nf6 2. Nf3 g6 3. g3 Bg7 4. Bg2 0-0 5. 0-0 d6 6. a4 Nbd7 7. a5 Rb8 8. c3 e5 9. Na3 Re8 10. Nb5 e4 11. Ng5 h6 12. Nh3 Nf8 13. f3 a6 14. Na3 d5 15. Nf2 Bf5 16. Nc2 g5 17. Ne3 Bg6 18. Qb3 c6 19. Bh3 Ne6 20. Nf5 Bf8 21. f4 g4 22. Nh4 gxh3 23. f5 Bh5 24. fxe6 Bxe2 25. exf7+ Kxf7 26. Bf4 Qd7 27. Be5 Bc4 28. Qc2 Bg7 29. Qd2 Kg8 30. Rae1 Nh5 31. Bxb8 Rxb8 32. Qd1 Nf6 33. Ng6 Nh7 34. Ng4 Bxf1 35. Rxf1 Ng5 36. N4e5 Bxe5 37. Nxe5 Qe6 38. Qh5 Rf8 39. Rxf8+ Kxf8 40. Kf2 Kg7 41. Ke3 c5 42. Qg4 cxd4+ 43. Kxd4 Qxg4 44. Nxg4 Nf3+ 45. Ke3 Kg6 46. c4 h5 47. Nf2 Nxh2 48. Nxh3 Ng4+ 49. Kd4 dxc4 50. Kxe4 Nf6+ 51. Kd4 Kf5 52. Kxc4 Ne4 53. Nf4 Nxg3 54. Nxh5 Nxh5 55. Kc5 Nf4 56. Kb6 Nd3 57. Kxb7 Nb4 58. Kb6 Ke6 59. Kc5 Nd5 60. b4 Nc7 61. Kc6 Nb5 62. Kb6 Kd6 63. Kxa6 Kc6 1/2-1/2

[Event "Olympiad-39"]
[Site "Khanty-Mansiysk"]
[Date "2010.09.30"]
[Round "9.4"]
[White "Pancevski, Filip"]
[Black "Samakov, Nurdin"]
[Result "0-1"]
[WhiteElo "2410"]
[BlackElo "2356"]
[PlyCount "150"]
[EventDate "2010.09.21"]
[EventType "team-swiss"]
[EventRounds "11"]
[EventCountry "RUS"]
[SourceTitle "CBM 139"]
[Source "ChessBase"]
[SourceDate "2010.11.18"]
[SourceVersion "1"]
[SourceVersionDate "2010.11.18"]
[SourceQuality "1"]
[WhiteTeam "Macedonia"]
[BlackTeam "Kyrgyzstan"]
[WhiteTeamCountry "MKD"]
[BlackTeamCountry "KGZ"]

1. e4 e5 2. Nf3 Nc6 3. Bc4 Nf6 4. d3 Bc5 5. 0-0 d6 6. a4 a6 7. c3 Ba7 8. Nbd2 0-0 9. a5 h6 10. Re1 Ng4 11. Re2 Kh8 12. h3 Nf6 13. Nf1 Nh5 14. Be3 f5 15. exf5 Bxf5 16. Qb3 Qd7 17. N1h2 Bxe3 18. fxe3 Ng3 19. Rf2 e4 20. Nd4 Nxd4 21. cxd4 c6 22. Nf1 Nh5 23. Qd1 Nf6 24. Ng3 Bh7 25. dxe4 Nxe4 26. Nxe4 Bxe4 27. Rxf8+ Rxf8 28. Qg4 Qxg4 29. hxg4 g6 30. Rd1 Kg7 31. b4 Kf6 32. Kf2 Kg5+ 33. Kg3 d5 34. Be2 Rf7 35. Bf3 Re7 36. Kf2 Bc2 37. Rd2 Be4 38. Ke2 Re8 39. Rd1 Bc2 40. Rc1 Be4 41. Kd2 Re7 42. Rf1 Rf7 43. Ke2 Bc2 44. Kd2 Be4 45. Kc3 Rf6 46. Kd2 Rf7 47. Ke2 Bc2 48. Rc1 Be4 49. Rc5 Kh4 50. Kf2 h5 51. gxh5 g5 52. Ke2 Bh7 53. Ke1 g4 54. Be2 Be4 55. h6 Bxg2 56. b5 axb5 57. a6 bxa6 58. Bd3 Be4 59. Bxe4 dxe4 60. Rxc6 Kg5 61. h7 Rxh7 62. Kf2 Rf7+ 63. Kg2 Rf3 64. Rxa6 Rxe3 65. Rb6 Rb3 66. d5 Kf5 67. Rh6 b4 68. d6 Rd3 69. Rh5+ Kf4 70. Rb5 Rxd6 71. Rxb4 Rd2+ 72. Kg1 Kf3 73. Rb1 g3 74. Rf1+ Rf2 75. Ra1 g2 0-1

[Event "Olympiad-39"]
[Site "Khanty-Mansiysk"]
[Date "2010.09.28"]
[Round "7.4"]
[White "Samakov, Nurdin"]
[Black "Iljiushenok, Ilia"]
[Result "1-0"]
[WhiteElo "2356"]
[BlackElo "2412"]
[PlyCount "117"]
[EventDate "2010.09.21"]
[EventType "team-swiss"]
[EventRounds "11"]
[EventCountry "RUS"]
[SourceTitle "CBM 139"]
[Source "ChessBase"]
[SourceDate "2010.11.18"]
[SourceVersion "1"]
[SourceVersionDate "2010.11.18"]
[SourceQuality "1"]
[WhiteTeam "Kyrgyzstan"]
[BlackTeam "Russia IV"]
[WhiteTeamCountry "KGZ"]
[BlackTeamCountry "RUS"]

1. e4 c5 2. Nf3 Nc6 3. d4 cxd4 4. Nxd4 g6 5. c4 Nf6 6. Nc3 d6 7. Be2 Nxd4 8. Qxd4 Bg7 9. Be3 0-0 10. Qd2 a5 11. 0-0 a4 12. f3 Qa5 13. Rac1 Be6 14. Nd5 Qxd2 15. Bxd2 Bxd5 16. cxd5 Nd7 17. Rc2 Bd4+ 18. Kh1 Nc5 19. Bg5 Bf6 20. Be3 b6 21. Bb5 Bg7 22. Bc6 Ra7 23. Rb1 Rb8 24. Rc4 Ra5 25. Bd2 Ra6 26. Bb5 Ra7 27. g3 Kf8 28. Kg2 e6 29. Bf4 Ke7 30. dxe6 fxe6 31. Rd1 Rd8 32. Rb4 h6 33. Be2 Rb7 34. Be3 Ra8 35. h4 b5 36. Rxb5 Rxb5 37. Bxb5 Rb8 38. Bxc5 dxc5 39. Rd7+ Kf8 40. Bc4 Rxb2+ 41. Kh3 Rb6 42. Ra7 Bd4 43. Rxa4 e5 44. Bd5 Rf6 45. Kg2 Rb6 46. Ra7 h5 47. g4 Rb2+ 48. Kh3 hxg4+ 49. Kxg4 Rg2+ 50. Kh3 Rg1 51. a4 Be3 52. a5 Bf4 53. a6 Rg3+ 54. Kh2 Rxf3+ 55. Kg2 Ra3 56. Rf7+ Ke8 57. a7 c4 58. Rxf4 Rxa7 59. Rf3 1-0

[Event "Olympiad-39"]
[Site "Khanty-Mansiysk"]
[Date "2010.09.22"]
[Round "2.4"]
[White "Da Silva, John"]
[Black "Samakov, Nurdin"]
[Result "0-1"]
[WhiteElo "2027"]
[BlackElo "2356"]
[PlyCount "54"]
[EventDate "2010.09.21"]
[EventType "team-swiss"]
[EventRounds "11"]
[EventCountry "RUS"]
[SourceTitle "CBM 139"]
[Source "ChessBase"]
[SourceDate "2010.11.18"]
[SourceVersion "1"]
[SourceVersionDate "2010.11.18"]
[SourceQuality "1"]
[WhiteTeam "Netherlands Antilles"]
[BlackTeam "Kyrgyzstan"]
[WhiteTeamCountry "AHO"]
[BlackTeamCountry "KGZ"]

1. e4 c5 2. Nf3 d6 3. d4 cxd4 4. Nxd4 Nf6 5. Nc3 a6 6. a4 e6 7. Bg5 Be7 8. Qd2 Qc7 9. Be2 Nbd7 10. 0-0 b6 11. Rfb1 Bb7 12. f3 h6 13. Be3 0-0 14. Kh1 Ne5 15. Rf1 Rfd8 16. Bd3 d5 17. exd5 Nxd5 18. Nxd5 Bxd5 19. Be2 Nc4 20. Bxc4 Bxc4 21. Qf2 Bxf1 22. Rxf1 Bc5 23. c3 e5 24. Nf5 Qd7 25. Nxh6+ gxh6 26. Qg3+ Kh7 27. Bc1 Qf5 0-1

[Event "KGZ-ch"]
[Site "Bishkek"]
[Date "2009.??.??"]
[Round "5"]
[White "Maznitsin, Andrei"]
[Black "Samakov, Nurdin"]
[Result "1-0"]
[WhiteElo "2232"]
[BlackElo "2379"]
[PlyCount "99"]
[EventDate "2009.05.13"]
[EventType "swiss"]
[EventRounds "11"]
[EventCountry "KGZ"]
[SourceTitle "EXT 2014"]
[Source "ChessBase"]
[SourceDate "2013.11.20"]
[SourceVersion "1"]
[SourceVersionDate "2013.11.20"]
[SourceQuality "1"]

1. c4 Nf6 2. Nf3 g6 3. g3 Bg7 4. Bg2 0-0 5. 0-0 d6 6. d4 Nc6 7. Nc3 a6 8. Re1 Rb8 9. Rb1 b5 10. cxb5 axb5 11. b4 e6 12. e4 Ne7 13. Qe2 Nd7 14. Bf4 Nc6 15. Be3 Ne7 16. Rec1 c6 17. d5 cxd5 18. exd5 e5 19. Nd2 f5 20. Nb3 f4 21. Bd2 Nf5 22. Nxb5 Ba6 23. a4 Nb6 24. Qe4 Nxa4 25. Nc7 Bc8 26. b5 Nd4 27. Nxd4 exd4 28. Ne6 Bxe6 29. Qxe6+ Kh8 30. Bxf4 Nc3 31. Qxd6 Ne2+ 32. Kf1 Nxc1 33. Qxd8 Rbxd8 34. Rxc1 Rfe8 35. Bc7 d3 36. Bxd8 Rxd8 37. Rd1 Rb8 38. d6 Rxb5 39. d7 Bf6 40. Rxd3 Rb8 41. Re3 Kg7 42. Re8 Rd8 43. Bc6 Kf7 44. Ke2 g5 45. Ke3 Be7 46. Ke4 Ke6 47. g4 Kd6 48. Bb5 Ke6 49. Ba4 Kd6 50. Kf5 1-0

[Event "KGZ-ch"]
[Site "Bishkek"]
[Date "2009.??.??"]
[Round "6"]
[White "Samakov, Nurdin"]
[Black "Amanbaev, Islomjon"]
[Result "1-0"]
[WhiteElo "2379"]
[BlackElo "1990"]
[PlyCount "141"]
[EventDate "2009.05.13"]
[EventType "swiss"]
[EventRounds "11"]
[EventCountry "KGZ"]
[SourceTitle "EXT 2014"]
[Source "ChessBase"]
[SourceDate "2013.11.20"]
[SourceVersion "1"]
[SourceVersionDate "2013.11.20"]
[SourceQuality "1"]

1. d4 Nf6 2. Bg5 c5 3. e3 Ne4 4. Bh4 Qb6 5. b3 Qb4+ 6. c3 Qa5 7. f3 Nf6 8. d5 d6 9. Qd2 g6 10. c4 Qxd2+ 11. Kxd2 Bg7 12. Nc3 0-0 13. Bd3 e6 14. e4 exd5 15. exd5 Nbd7 16. Re1 a6 17. Bg3 Ne8 18. Ne4 Be5 19. f4 Bg7 20. Nf3 Ndf6 21. Nxf6+ Nxf6 22. f5 Rd8 23. fxg6 hxg6 24. Bh4 b5 25. Rhf1 Re8 26. Rxe8+ Nxe8 27. Rc1 Nf6 28. Bg5 bxc4 29. bxc4 Rb8 30. Rb1 Rxb1 31. Bxb1 Nd7 32. Bd3 Ne5 33. Nxe5 Bxe5 34. h3 f6 35. Be3 f5 36. Kc2 Bd7 37. Kb3 Kf7 38. Bd2 Ke8 39. Bc2 Kd8 40. Ka3 Kc7 41. Ba5+ Kb7 42. Bb1 Kc8 43. Bd3 Bg3 44. Kb3 Be8 45. Bc2 Bd7 46. Bd2 Be5 47. Bg5 Kc7 48. Bd3 Be8 49. Kc2 Kd7 50. Kd2 Bd4 51. Bc2 Kc7 52. Ke2 Bf7 53. Ba4 Kb6 54. Bd8+ Kb7 55. Bc6+ Kc8 56. Bg5 Bc3 57. Kd3 Be1 58. Ke2 Bc3 59. Kf3 Be1 60. g4 fxg4+ 61. Kxg4 Bc3 62. Bf4 Kc7 63. Kg5 a5 64. Ba4 Bg7 65. Bc2 Be5 66. Bxe5 dxe5 67. Kf6 Be8 68. Kxe5 g5 69. Bf5 Bh5 70. Kf6 Be2 71. Ke7 1-0

[Event "KGZ-ch"]
[Site "Bishkek"]
[Date "2009.??.??"]
[Round "4"]
[White "Samakov, Nurdin"]
[Black "Batabaev, Mirgalim"]
[Result "1-0"]
[WhiteElo "2379"]
[BlackElo "2100"]
[PlyCount "155"]
[EventDate "2009.05.13"]
[EventType "swiss"]
[EventRounds "11"]
[EventCountry "KGZ"]
[SourceTitle "EXT 2014"]
[Source "ChessBase"]
[SourceDate "2013.11.20"]
[SourceVersion "1"]
[SourceVersionDate "2013.11.20"]
[SourceQuality "1"]

1. e4 e5 2. Nf3 Nc6 3. Bb5 Bc5 4. c3 Nf6 5. 0-0 0-0 6. d4 exd4 7. cxd4 Be7 8. Nc3 d6 9. h3 Bd7 10. Re1 a6 11. Bd3 b5 12. Bf4 Nh5 13. Be3 g6 14. Nd5 Be6 15. Nxe7+ Nxe7 16. Bh6 Ng7 17. d5 Bd7 18. Bc2 f6 19. Nd4 Kh8 20. Qd2 Ng8 21. Be3 Ne7 22. Rad1 g5 23. f4 gxf4 24. Bxf4 Ng6 25. Bh6 Ne5 26. Rf1 Qe8 27. Nf3 Qg6 28. Nxe5 fxe5 29. Qg5 Qxg5 30. Bxg5 Kg8 31. Rc1 Rxf1+ 32. Kxf1 Rc8 33. Ke2 Kf7 34. Ke3 Kg6 35. Bh4 c5 36. Be7 Ne8 37. Rf1 c4 38. Bh4 b4 39. Be1 a5 40. Bd2 Bb5 41. Rc1 Nf6 42. Bd1 Nh5 43. g3 Nxg3 44. Bf3 c3 45. Rg1 cxd2 46. Rxg3+ Kf6 47. Kxd2 Ba4 48. b3 Bd7 49. Bd1 Be8 50. Bg4 Rc7 51. Rf3+ Kg7 52. Bf5 Bg6 53. Bxg6 hxg6 54. Kd1 Rc8 55. Kd2 g5 56. Rg3 Kh6 57. Rf3 Kg6 58. Rg3 Rh8 59. Kd3 Rc8 60. Kd2 Kh5 61. Rf3 Kh4 62. Rf5 Rc7 63. Rf6 Kxh3 64. Rxd6 g4 65. Rh6+ Kg3 66. d6 Rd7 67. Kd3 Kf4 68. Rf6+ Kg5 69. Re6 g3 70. Ke3 Kg4 71. Rg6+ Kh3 72. Kd3 g2 73. Kc4 Kh2 74. Kd5 g1Q 75. Rxg1 Kxg1 76. Kxe5 Kf2 77. Kd5 Rb7 78. Kc6 1-0

[Event "KGZ-ch"]
[Site "Bishkek"]
[Date "2009.??.??"]
[Round "8"]
[White "Samakov, Nurdin"]
[Black "Pahomeev, Oleg"]
[Result "1-0"]
[WhiteElo "2379"]
[BlackElo "2170"]
[PlyCount "119"]
[EventDate "2009.05.13"]
[EventType "swiss"]
[EventRounds "11"]
[EventCountry "KGZ"]
[SourceTitle "EXT 2014"]
[Source "ChessBase"]
[SourceDate "2013.11.20"]
[SourceVersion "1"]
[SourceVersionDate "2013.11.20"]
[SourceQuality "1"]

1. d4 Nf6 2. Bg5 c5 3. e3 Ne4 4. Bf4 Qb6 5. b3 Nc6 6. c3 g5 7. Bg3 Bg7 8. Ne2 h5 9. f3 Nxg3 10. Nxg3 cxd4 11. Nf5 Bf6 12. exd4 d6 13. Ne3 Be6 14. Nc2 d5 15. Nd2 a5 16. Bd3 Qc7 17. Rc1 g4 18. 0-0 Bg5 19. Qe2 Bf4 20. g3 gxf3 21. Rxf3 Bxd2 22. Qxd2 h4 23. Qf4 0-0-0 24. Qxc7+ Kxc7 25. Ne3 hxg3 26. Rxg3 Rh5 27. Rf1 f6 28. Bf5 Bxf5 29. Rxf5 Rxf5 30. Nxf5 b5 31. Ne3 b4 32. Nc2 bxc3 33. Rxc3 Kd6 34. Rf3 Rh8 35. Kg2 Rh4 36. Rd3 Nb4 37. Nxb4 axb4 38. Kg3 Rh8 39. Rf3 Rh6 40. a4 bxa3 41. b4 Rg6+ 42. Kf2 Rg4 43. Rxa3 Rxd4 44. Rb3 Ke6 45. b5 Kd6 46. Kf3 Rd1 47. h4 Rg1 48. Kf4 e5+ 49. Kf5 Rf1+ 50. Kg6 e4 51. h5 d4 52. Rb4 Rg1+ 53. Kf7 f5 54. Rxd4+ Kc5 55. Rd8 f4 56. Re8 f3 57. Rxe4 f2 58. Rf4 f1Q 59. Rxf1 Rxf1+ 60. Kg7 1-0

[Event "Olympiad-38"]
[Site "Dresden"]
[Date "2008.11.25"]
[Round "11"]
[White "Salem, AR Saleh"]
[Black "Samakov, Nurdin"]
[Result "0-1"]
[WhiteElo "2476"]
[BlackElo "2340"]
[PlyCount "80"]
[EventDate "2008.11.13"]
[EventType "team-swiss"]
[EventRounds "11"]
[EventCountry "GER"]
[SourceTitle "CBM 128"]
[Source "ChessBase"]
[SourceDate "2009.01.28"]
[SourceVersion "1"]
[SourceVersionDate "2009.01.28"]
[SourceQuality "1"]
[WhiteTeam "United Arab Emirates"]
[BlackTeam "Kyrgyzstan"]
[WhiteTeamCountry "UAE"]
[BlackTeamCountry "KGZ"]

1. d4 Nf6 2. c4 g6 3. Nc3 Bg7 4. e4 d6 5. f3 0-0 6. Be3 e5 7. d5 Nbd7 8. Nh3 a5 9. Be2 Nc5 10. g4 Ne8 11. Qd2 f5 12. gxf5 gxf5 13. exf5 Bxf5 14. Nf2 Nf6 15. Rg1 Bg6 16. 0-0-0 a4 17. Nd3 b6 18. Bh6 Nh5 19. Nxc5 bxc5 20. Bd3 Bxd3 21. Bxg7 Nxg7 22. Qxd3 Qf6 23. Rdf1 a3 24. Rf2 Kh8 25. Ne4 Qf4+ 26. Kb1 axb2 27. Ng5 Qf5 28. Qxf5 Nxf5 29. Rxb2 Nd4 30. Rg3 h6 31. Rh3 Kg7 32. Ne4 Rab8 33. Rg3+ Kf7 34. Rgg2 Nxf3 35. a4 Nd4 36. Ka2 Rxb2+ 37. Rxb2 Ke7 38. Rg2 Rf4 39. Nd2 e4 40. Nb3 e3 0-1

[Event "Olympiad-38"]
[Site "Dresden"]
[Date "2008.11.21"]
[Round "8"]
[White "Paciencia, Enrique Rivas"]
[Black "Samakov, Nurdin"]
[Result "1/2-1/2"]
[WhiteElo "2440"]
[BlackElo "2340"]
[PlyCount "58"]
[EventDate "2008.11.13"]
[EventType "team-swiss"]
[EventRounds "11"]
[EventCountry "GER"]
[SourceTitle "CBM 128"]
[Source "ChessBase"]
[SourceDate "2009.01.28"]
[SourceVersion "1"]
[SourceVersionDate "2009.01.28"]
[SourceQuality "1"]
[WhiteTeam "Singapore"]
[BlackTeam "Kyrgyzstan"]
[WhiteTeamCountry "SIN"]
[BlackTeamCountry "KGZ"]

1. d4 d5 2. c4 dxc4 3. e4 Nf6 4. e5 Nd5 5. Bxc4 Nc6 6. Ne2 Bf5 7. a3 e6 8. Nbc3 Nb6 9. Ba2 Qd7 10. Be3 0-0-0 11. 0-0 h5 12. Rc1 Kb8 13. b4 f6 14. exf6 gxf6 15. Ng3 Bg6 16. Nge4 Nd5 17. Nxd5 exd5 18. Nc5 Bxc5 19. Rxc5 Ne7 20. Bf4 Rc8 21. Qd2 Ka8 22. Rfc1 c6 23. a4 Rhg8 24. R5c3 h4 25. f3 Bh5 26. Bb1 Bg6 27. Ba2 Bh5 28. Bb1 Bg6 29. Ba2 Bh5 1/2-1/2

[Event "Olympiad-38"]
[Site "Dresden"]
[Date "2008.11.19"]
[Round "6"]
[White "Samakov, Nurdin"]
[Black "Polaczek, Richard"]
[Result "1/2-1/2"]
[WhiteElo "2340"]
[BlackElo "2419"]
[PlyCount "84"]
[EventDate "2008.11.13"]
[EventType "team-swiss"]
[EventRounds "11"]
[EventCountry "GER"]
[SourceTitle "CBM 128"]
[Source "ChessBase"]
[SourceDate "2009.01.28"]
[SourceVersion "1"]
[SourceVersionDate "2009.01.28"]
[SourceQuality "1"]
[WhiteTeam "Kyrgyzstan"]
[BlackTeam "Belgium"]
[WhiteTeamCountry "KGZ"]
[BlackTeamCountry "BEL"]

1. e4 e6 2. Qe2 d5 3. d3 Nc6 4. Nf3 Nf6 5. g3 Be7 6. Bg2 0-0 7. 0-0 Re8 8. e5 Nd7 9. d4 f6 10. h4 fxe5 11. dxe5 Rf8 12. Bf4 Nb6 13. Nbd2 Rxf4 14. gxf4 Qf8 15. Bh3 Qxf4 16. Qe3 Qxe3 17. fxe3 Bd7 18. Rae1 Nb4 19. a3 Nxc2 20. Rc1 Nxe3 21. Rfe1 Nec4 22. Nxc4 dxc4 23. Red1 Rf8 24. Ng5 Bc8 25. Rf1 Re8 26. Kg2 Nd5 27. Kg3 c3 28. bxc3 Bxa3 29. Ra1 Bb2 30. Rxa7 Bxc3 31. Ra8 Bxe5+ 32. Kf3 Nf4 33. Ke4 h6 34. Rxf4 Bxf4 35. Bxe6+ Kf8 36. Nh7+ Ke7 37. Bxc8 g5 38. Bxb7 Rxa8 39. Bxa8 Bc1 40. h5 Kf7 41. Kf3 Kg7 42. Be4 Bb2 1/2-1/2